| 000 | 00736nam a22001817a 4500 | ||
|---|---|---|---|
| 005 | 20260413120056.0 | ||
| 008 | 240814b ||||| |||| 00| 0 eng d | ||
| 082 |
_22023 _aUT |
||
| 100 |
_aCuevas, Abegail S. _957525 |
||
| 245 |
_aMagtanim ay di biro : _blived experiences of 4p's rice farmers in an inflationary economy / _cAbegail S. Cuevas, Kenneth Mae P. Alag, Rospin Jean L. Daquiado |
||
| 260 |
_aDigos City : _bUMDC, _cDecember 2023. |
||
| 300 |
_aviii, 85 pages : _c30 cm. _billustrations (some colors) ; |
||
| 500 | _aIncludes references and appendices. | ||
| 650 |
_aFinancial Management. _xUndergraduate Thesis. _957483 |
||
| 700 |
_aAlag, Kenneth Mae P. _957526 |
||
| 700 |
_aDaquiado, Rospin Jean L. _957527 |
||
| 942 |
_2ddc _cUT |
||
| 999 |
_c20385 _d20385 |
||